00860nam a2200229Ia 450000500170000000800410001704000190005804100120007708200190008910000210010824501510012926000320028030000120031250400650032465000190038965100200040870000350042885000100046394200070047399900170048095201330049720260216120949.0131103s9999 xx 000 0 und d aLoreto College aEnglish a821.1bCHA-STA aChaucer,Geoffrey aTroilus and CriseydecGeoffrey Chaucer; translated into modern English with preface,introduction,appendices and notes by Margaret Stanley - Wrench aLondonbContaur Pressc1965 a328 p.  aIncludes appendices and notes and bibliographical references aEnglish Poetry aMedieval Poetry aStanley - Wrench,Margaret4tr. aLCBED cBK c13120d63599 00102ddc4070aMAINbMAINcPost Graduated2013-11-04l1o821.1 CHA-STA 16748pB13127r2015-10-03s2001-01-01w2013-11-04yBKf